000 00534nam a22001697a 4500
003 OSt
005 20150328104144.0
008 150328b xxu||||| |||| 00| 0 eng d
020 _a84-7788-390-4
040 _cBMC
082 _a863.3959
245 0 3 _aEl Quijote en las bibliotecas universitarias espaƱolas
260 _a[Ciudad Real]
_bUniversidad de Castilla-La Mancha
_c[2005]
300 _a322 p.
_bil.
_c30 cm
600 1 4 _aCervantes Saavedra, Miguel de
_d1547-1616
_tDon Quijote de la Mancha
_926819
942 _2ddc
_cBK
_hahoj
999 _c19973
_d19973